000 00554nam a22002057a 4500
003 OSt
005 20140310183130.0
008 130531t xxu||||| |||| 00| 0 eng d
020 _a9710870955
050 _aQC 35
_b .C932 2010
082 _aFIL 530.22
_bC86 2010
245 _aPhysics:
_bLaboratory Manual 1
_cCrisostomo, Amante L.
260 _aMandaluyong City, Philippines
_bNational Book Store
_cc2010
300 _a147 p.
521 _acollege students
526 _c1210L-1700L
541 _j1
562 _e1
942 _2lcc
_cBK
_kFIL
999 _c19117
_d19117